Μαύρες τρύπες και στρεβλώσεις του χρόνου : η προκλητική κληρονομιά του Αϊνστάιν
Αποθηκεύτηκε σε:
| Κύριος συγγραφέας: | |
|---|---|
| Άλλοι συγγραφείς: | , |
| Μορφή: | Βιβλίο |
| Γλώσσα: | Greek |
| Δημοσίευση: |
Αθήνα :
Κάτοπτρο,
1999
|
| Θέματα: | |
| Ετικέτες: |
Προσθήκη ετικέτας
Δεν υπάρχουν, Καταχωρήστε ετικέτα πρώτοι!
|
MARC
| LEADER | 00000nam a2200000 i 4500 | ||
|---|---|---|---|
| 001 | 1/99512 | ||
| 008 | 000405s1999 gre d | ||
| 020 | |a 9607023803 (τ.1) | ||
| 035 | |l 10056912 | ||
| 040 | |a GR-MY-UA |b gre |e aacr | ||
| 041 | 0 | |a gre | |
| 082 | 0 | |a 530.11 | |
| 100 | 1 | |a Thorne, Kip S. | |
| 245 | 1 | 0 | |a Μαύρες τρύπες και στρεβλώσεις του χρόνου : |b η προκλητική κληρονομιά του Αϊνστάιν / |c Kip S. Thorne ; πρόλογος Stephen Hawking ; προοίμιο Frederick Seitz |
| 260 | |a Αθήνα : |b Κάτοπτρο, |c 1999 | ||
| 300 | |a τ.; |b εικ.; |c 24 εκ. | ||
| 504 | |a Περιέχει ευρετήρια και βιβλιογραφία | ||
| 650 | 0 | 0 | |a Astrophysics. |
| 650 | 0 | 0 | |a Black holes (Astronomy) |
| 650 | 0 | 0 | |a Physics |x Philosophy. |
| 650 | 0 | 0 | |a Relativity (Physics) |
| 700 | 1 | |a Hawking, Stephen |d 1942- |4 aui | |
| 700 | 1 | |a Seitz, Frederik |d 1911- |4 aui | |
| 852 | |a INST |b SAMOS |e 20000405 |h 530.11 THO |p 005300015892 |q 005300015892 |t BK |y 0 |z τ.1 | ||
| 852 | |a INST |b SAMOS |e 20000405 |h 530.11 THO |p 005300015892 |q 005300015892 |t BK |v τ.1: |y 0 |z τ.1 | ||
| 853 | |a INST |b SAMOS |h 530.11 THO | ||
| 901 | |a BIBL3-2000-1 | ||
| 909 | |a Σ |b 071815 | ||
| 922 | |a 3ΕΛΗ |b 199912 |c ΒΙΒΛΙΟΘΗΚΗ |d ΠΑΠΑΣΩΤΗΡΙΟΥ | ||
| 950 | |a 127-1999-11-23 | ||
| 970 | |a ΓΕΝΟΥΖΟΥ |b ΧΡΥΣΑΝΘΗ |z 2000/04/04 | ||